Nomenclature origin and history of coins: of Indo-Pakistan sub-continent (Record no. 68787)

000 -LEADER
fixed length control field 00479nam a22001697a 4500
003 - CONTROL NUMBER IDENTIFIER
control field NUST - PNEC
005 - DATE AND TIME OF LATEST TRANSACTION
control field 20170116181102.0
008 - FIXED-LENGTH DATA ELEMENTS--GENERAL INFORMATION
fixed length control field 151003b xxu||||| |||| 00| 0 eng d
020 ## - INTERNATIONAL STANDARD BOOK NUMBER
International Standard Book Number -
040 ## - CATALOGING SOURCE
Transcribing agency LIBRARY
082 ## - DEWEY DECIMAL CLASSIFICATION NUMBER
Classification number 737.49 SOH
100 ## - MAIN ENTRY--PERSONAL NAME
9 (RLIN) 12415
Personal name Sohail Ahmed Khan
245 ## - TITLE STATEMENT
Title Nomenclature origin and history of coins: of Indo-Pakistan sub-continent
Statement of responsibility, etc. Sohail Ahmed Khan
260 ## - PUBLICATION, DISTRIBUTION, ETC.
Date of publication, distribution, etc. c.1992
650 ## - SUBJECT ADDED ENTRY--TOPICAL TERM
9 (RLIN) 12419
Topical term or geographic name entry element Coins of Indo-Pakistan
General subdivision History
942 ## - ADDED ENTRY ELEMENTS (KOHA)
Source of classification or shelving scheme
Koha item type Book
Holdings
Withdrawn status Lost status Source of classification or shelving scheme Damaged status Not for loan Permanent Location Current Location Shelving location Date acquired Total Checkouts Full call number Barcode Date last seen Price effective from Koha item type
          Pakistan Navy Engineering College (PNEC) Pakistan Navy Engineering College (PNEC)       737.49 SOH PNECLIB-016832 10/03/2015   Book
          Pakistan Navy Engineering College (PNEC) Pakistan Navy Engineering College (PNEC)       737.49 SOH PNECLIB-016834 10/03/2015   Book
          Pakistan Navy Engineering College (PNEC) Pakistan Navy Engineering College (PNEC)       737.49 SOH PNECLIB-016837 10/04/2015   Book
          Pakistan Navy Engineering College (PNEC) Pakistan Navy Engineering College (PNEC)       737.49 SOH PNECLIB-016838 10/04/2015   Book
          Pakistan Navy Engineering College (PNEC) Pakistan Navy Engineering College (PNEC)       737.49 SOH PNECLIB-016836 10/04/2015   Book
          Pakistan Navy Engineering College (PNEC) Pakistan Navy Engineering College (PNEC)       737.49 SOH PNECLIB-016835 10/04/2015   Book
© 2023 Central Library, National University of Sciences and Technology. All Rights Reserved.